000 00398nam a2200145Ia 4500
005 20250729165805.0
008 250729s2019 xx 000 0 und d
041 _akan
082 _a900.25 KARS
100 _aKarnataka Government
_9233079
245 _aSamaja Vijnana _ Bhaga - I (9th Std)
260 _aBangalore
_bKarnataka Text Book Socity
_c2019
300 _a254p
650 _aHistory
_9233080
999 _c240102
_d240102